000 00442nam a2200181Ia 4500
005 20250326142228.0
008 250326s9999 xx 000 0 und d
037 _aTextbook
040 _aFMSL
_beng
_cFMSL
041 _aeng
_2eng
084 _qFMSL
100 _aGupta L C
245 0 _aReadings in industrial fice
_cGupta L C
260 _aMcMillan
_bMcMillan
_c1976
300 _a421p
942 _cTB
999 _c1294035
_d1294035